| 000 | 00396nam a2200157Ia 4500 | ||
|---|---|---|---|
| 008 | 230312s9999||||xx |||||||||||||| ||und|| | ||
| 020 | _a81-312-1516-6 | ||
| 082 |
_a621.3692 _bAGR-N |
||
| 100 | _aAgrawal,Govind.P | ||
| 245 | 0 | _aNon-Linear Fiber Optics | |
| 260 |
_bElsevier _aIndia _c2007 |
||
| 300 | _a529 | ||
| 546 | _aEng. | ||
| 650 |
_aEngineering _vPulse Propagation in Fibers |
||
| 942 | _cBK | ||
| 999 |
_c1568 _d1568 |
||